| 000 | cam a22 7a 4500 | ||
|---|---|---|---|
| 999 |
_c7185 _d7185 |
||
| 003 | OSt | ||
| 005 | 20181205132932.0 | ||
| 008 | 181130s2014 fr 000 0 fre d | ||
| 020 | _a9782362200281 | ||
| 040 |
_aES-BaCBU _bcat _cCDMR |
||
| 245 | 0 | 0 | _a100 photos by National Geographic for press freedom |
| 246 | 3 | _aCent photos by National Geographic for press freedom | |
| 260 |
_aParis : _bReporters sans frontières, _c2014 |
||
| 300 |
_a148 p. : _bil·lustracions ; _c26 cm |
||
| 490 |
_aReporters without borders ; _v47 |
||
| 650 | 0 | 4 |
_aLlibertat de premsa _xFotografies |
| 710 | 2 | _aReporters sans frontières (Associació) | |
| 710 | 1 |
_aNational Geographic Society (Estats Units d'Amèrica) _94635 |
|
| 942 |
_cMON _2udc |
||